Reálná konvergence České republiky k Evropské unii v porovnaní s ostatními novými členskými zeměmi

Analýza procesu reálnej konvergencie. Diskusia použiteľnosti definícií konvergencie. Empirická analýza reálnej konvergencie. Komparácia konvergencie ČR k EÚ. Konvergencia ČR k priemeru EÚ-25 a EÚ-27.

Uložené v:
Podrobná bibliografia
Hlavný autor: Slavík, Ctirad
Médium: Kapitola
Jazyk:Czech
Predmet:
Tagy: Pridať tag
Žiadne tagy, Buďte prvý, kto otaguje tento záznam!

MARC

LEADER 00000naa$a2200000$$$4500
001 0054965
005 20231019131149.4
041 0 |a cze 
044 |a CZ 
245 1 0 |a Reálná konvergence České republiky k Evropské unii v porovnaní s ostatními novými členskými zeměmi  |c Ctirad Slavík 
520 |a Analýza procesu reálnej konvergencie. Diskusia použiteľnosti definícií konvergencie. Empirická analýza reálnej konvergencie. Komparácia konvergencie ČR k EÚ. Konvergencia ČR k priemeru EÚ-25 a EÚ-27. 
610 2 0 |a Česko 
610 2 0 |a krajiny tranzitívne 
610 2 0 |a analýza komparatívna 
610 2 0 |a definície 
610 2 0 |a modely regresné 
610 2 0 |a Európska únia 
610 2 0 |a porovnanie medzinárodné 
610 2 0 |a konvergencia 
100 1 |a Slavík, Ctirad